000 00516nam a2200181Ia 4500
999 _c29991
_d29991
003 OSt
005 20210105112000.0
008 190216s9999||||xx |||||||||||||| ||und||
020 _a9798188015107
040 _coclc
082 _a894.812301
_bRAD/M
100 _aRadhakrishnan, C
_96488
245 0 _aMritasanjeevani /
_cC Radhakrishnan
260 _bLipi Publications,
_c2011.
_aKozhikode:
300 _a165p
650 _aStories
942 _cBK
_2ddc
_h894.812301
_iRAD/M
_k894.812301
_mRAD/M